Регионална библиотека "Любен Каравелов" - Русе

Чети, брате, чети ... (Запис номер 143759)

MARC детайли
000 -Лидер
Контролно поле с фиксирана дължина 01966nam a2200433 c 4500
003 - Код на организацията, давaща контролен номер
Контролно поле BLK
005 - Дата и час на последна редакция
Контролно поле 20180420233339.0
008 - Елементи от данни с фиксирана дължина
fixed length control field 180409b bul|||||r ||||||| ||bul||
010 ## - Наследен системен номер
LC control number KNG00149902000
020 ## - Международен стандартен номер на книга ISBN
Международен стандартен номер на книга ISBN 978-954-490-282-7
-- издат.: Екс-прес
040 ## - Източник на каталожния запис
Идентификатор на билиотеката - собственик на записа BLK
041 ## - Код за език
Код за езика на текст/звукозапис или на отделно заглавие Български
Код за езика КДБФ Български
072 #7 - Код за тематичната категория
Код организация bullib
Код за тематична категория Н00
Текст Общ отдел Н
080 ## - УДК
Текстов определител УДК Окръжни библиотеки. Областни библиотеки. Регионални библиотеки
УДК код - определител по УДК 027.53
УДК определител (497.216.1)(091)
УДК - код + определител 027.53(497.216.1)(091)
080 ## - УДК
Текстов определител УДК Специална библиография
УДК код - определител по УДК 016
УДК определител :027.53(497.216.1)(091)
УДК - код + определител 016:027.53(497.216.1)(091)
080 ## - УДК
Текстов определител УДК Окръжни библиотеки. Областни библиотеки. Регионални библиотеки
УДК код - определител по УДК 027.53
УДК определител (497.216.1)(091)(01)
УДК - код + определител 027.53(497.216.1)(091)(01)
139 ## - Редно поле
Редна дума Регионална библиотека Априлов-Палаузов. Габрово
Авторски знак Ре - Р 44
245 10 - Сведения за заглавието
Заглавие Чети, брате, чети ...
Редно поле (дума) състав. Савина Христова Цонева.
257 ## - Страна на издаване
Страна на създаване/издаване България
260 ## - Област на издателските данни
-- Габрово
Име на издателя, разпространителя и проч. Екс-прес
Година на издаване 2011
300 ## - Физическа характеристика
Страници 156 с.
Илюстрации и др. с ил., факс., портр.
Размери/Мащаб 19Х21 см
380 ## - Жанр
Жанр Общ отдел
500 ## - Общи забележки
Забележка Библиогр. с. 81-154
650 #4 - Допълнително описание по предмет – тема
Основно описание – тема или топоним Библиотеки, областни
9 (RLIN) 302589
651 #4 - Допълнително описание по предмет - топоним
Географско понятие България
9 (RLIN) 241624
651 #4 - Допълнително описание по предмет - топоним
Географско понятие Габрово
9 (RLIN) 178735
653 ## - Ключова дума – ненормативна
Ключова дума библиотеки
653 ## - Ключова дума – ненормативна
Ключова дума библиотечно дело
653 ## - Ключова дума – ненормативна
Ключова дума юбилейни сборници
653 ## - Ключова дума – ненормативна
Ключова дума библиографии
659 ## - Тематичен бюлетин
Тематичен бюлетин Н
700 1# - Други автори (авторска отговорност)
Лично име Цонева, Савина Христова
Автороска отговорност (Описва отношението между автора и произведението) състав.
9 (RLIN) 328083
710 1# - Име на организация или юридическо лице като допълнителен термин за търсене
Наименование на организация или юридическо лице като редна дума Регионална библиотека Априлов-Палаузов. Габрово
9 (RLIN) 328084
852 ## - Местоположение
Форматна сигнатура Цб 264335
856 4# - Електронен адрес и достъп
Електронен формат pdf - файл
Път до файла /url/
856 4# - Електронен адрес и достъп
Електронен формат pdf - файл
Път до файла /url/
942 ## - АРТИКУЛИ
Вид на библиотечния материал Книги
Скрит в OPAC Не
944 ## - СЪЗДАВАНЕ И РЕДАКЦИЯ на ЗАПИСА
Създаване/Редакция Създаване
Дата на регистрацията/редакция 27.08.2013
Служител, извършил регистрацията/редакцията Геновева_Генчева
944 ## - СЪЗДАВАНЕ И РЕДАКЦИЯ на ЗАПИСА
Създаване/Редакция Редакция
Дата на регистрацията/редакция 31.08.2016
Служител, извършил регистрацията/редакцията Геновева_Генчева
999 ## - СИСТЕМНИ КОНТРОЛНИ НОМЕРА
Koha biblionumber 143759
Koha biblioitemnumber 143759
Наличности
Код за отписване Код за изгубен артикул Код за повреда Коз за рестрикции Код за отдаване Артикулен № Име на библиотеката - собственик Име на библиотеката, в която се намира в момента Статус (Текущо местоположение) Дата на вписване в системата Местоположение - отдел Цена в лева Инвентарен номер Систематично азбучна сигнатура Баркод Номер на екземпляра Цена в евро Служебна бележка Служебен тип на артикула Източник на класификационната схема
  Не е изгубен Не е повреден без рестрикции ползва се в читалня 238770 Регионална библиотека "Любен Каравелов" Русе Регионална библиотека "Любен Каравелов" Русе Хранилище 2013-09-02 Хранилище 17.00 120000769093 Цб 264335 120000769093 1 8.69 Дост: Dp Вид: Д N: 20 Дата: 14.05.2012 Книги  
  Не е изгубен Не е повреден само за читалня ползва се в читалня 238771 Регионална библиотека "Любен Каравелов" Русе Регионална библиотека "Любен Каравелов" Русе СБИД 2016-08-24 СБИД 17.00 120000803411 С 02/Р 44 120000803411 2 8.69 Дост: DA Вид: А N: 32 Дата: 24.08.2016 Дата инв: 08.06.2017 Бележки инв: С2017 Книги Universal Decimal Classification
Vip Innovations Ltd, Rousse, Bulgaria 2025